| 000 | 00433nam a2200169Ia 4500 | ||
|---|---|---|---|
| 001 | 35069 | ||
| 003 | IN-NITTTR | ||
| 005 | 20251114233432.0 | ||
| 008 | 251113s9999||||xx |||||||||||||| ||eng|| | ||
| 040 | _beng | ||
| 040 | _cIN-NITTTR | ||
| 041 | _aeng | ||
| 082 | _aTK153 .K39 2011 | ||
| 100 | _aKazemitabar, Seyed Javad. | ||
| 245 | 0 |
_aCoping with Interference in Wireless Networks / _cKazemitabar, Seyed Javad. |
|
| 942 |
_2ddc _cBK |
||
| 999 |
_c35236 _d35236 |
||